Tlaxcala en el siglo XVI / Charles Gibson ; traducción Agustín Bárcena

Guardado en:
Detalles Bibliográficos
Autor principal: Gibson, Charles (autor)
Otros autores: I.Bárcena, Agustín (autor) (autor)
Formato: Libro
Edición:1a edición
Colección:Sección Obras de Historia
Temas:
Etiquetas: Agrega una etiqueta
Sin etiquetas, Sé el primero en etiquetar este registro!

MARC

LEADER 00000nam^a2200000^u^4500
001 000549422
005 20250521000000.0
008 060220s1000^^^^^^^^^^^^r^^^^^000^0^spa^d
009 20260310131512.433
022 |a 9681636880 
035 |a FMI 000019179 
037 |a Acervo Xavier Clavigero 
096 |a 3.5/154/E 
100 |a Gibson, Charles  |e (autor) 
245 1 0 |a Tlaxcala en el siglo XVI / Charles Gibson ; traducción Agustín Bárcena 
250 |a 1a edición 
264 |a México : Fondo de Cultura Económica : Gobierno del Estado de Tlaxcala 
300 |a 285 p. 
336 |a texto  |b txt  |2 rdacontenido 
337 |a sin mediación  |b n  |2 rdamedio 
338 |a volumen  |b nc  |2 rdasoporte 
440 0 |a Sección Obras de Historia 
597 |a Traducido de: Tlaxcala in the sixteenth century \ Incluye apéndices, bibliografía, lista de fuentes e índice analítico 
649 |a XX 
650 |a Historia de México 
650 |a Tlaxcala - Historia 
700 |a I.Bárcena, Agustín  |e (autor) 
910 |a Fondo Francisco Migoya Covarrubias S.J. 
920 |a Impresos - Libros 
930 |a Fondos Especiales 
905 |a 134 
901 |a SBC28016  |b IT2  |c ESP  |u 20250521 
902 |a https://opac.biblio.iteso.mx/vufind/Record/000549422